header

Computational partial differential equations for engineering sciences (Record no. 162243)

MARC details
000 -LEADER
fixed length control field 01787nam a2200373 a 4500
082 04 - DEWEY DECIMAL CLASSIFICATION NUMBER
Classification number 620.001/515353
100 1# - MAIN ENTRY--AUTHOR NAME
Personal name D'Acunto, Bernardino.
245 10 - TITLE STATEMENT
Title Computational partial differential equations for engineering sciences
260 ## - PUBLICATION, DISTRIBUTION, ETC. (IMPRINT)
Place of publication New York :
Name of publisher Nova Science Publishers,
Year of publication c2012.
300 ## - PHYSICAL DESCRIPTION
Number of Pages xvi, 569 p. :
Other physical details ill. (some col.).
490 1# - SERIES STATEMENT
Series statement Engineering tools, techniques, and tables
Series statement Mathematics research developments
505 0# - FORMATTED CONTENTS NOTE
Formatted contents note Heat conduction and diffusion -- Finite-difference method -- Parabolic equations -- Finite element method -- Wave motions -- Elliptic equations -- Beam equation -- Diffusion in two and three space dimensions -- Elements of linear algebra -- Classification of PDEs.
650 #0 - SUBJECT ADDED ENTRY--TOPICAL TERM
Topical Term Differential equations, Partial.
Topical Term Engineering mathematics.
856 40 - ELECTRONIC LOCATION AND ACCESS
Uniform Resource Identifier http://site.ebrary.com/lib/rucke/Doc?id=10671141

No items available.

© 2026 Rongo University
Contact us: librarian | system librarian | Rongo university